South Eastern Kenya University

Library Online Public Access Catalogue


Clinical skills in psychiatric treatment (Record no. 7034)

MARC details
000 -LEADER
fixed length control field 01740cam a22003614a 4500
001 - CONTROL NUMBER
control field 15118028
003 - CONTROL NUMBER IDENTIFIER
control field OSt
005 - DATE AND TIME OF LATEST TRANSACTION
control field 20150724105513.0
008 - FIXED-LENGTH DATA ELEMENTS--GENERAL INFORMATION
fixed length control field 071214s2008 enka b 001 0 eng
010 ## - LIBRARY OF CONGRESS CONTROL NUMBER
LC control number 2007051269
020 ## - INTERNATIONAL STANDARD BOOK NUMBER
International Standard Book Number 9780521705707
035 ## - SYSTEM CONTROL NUMBER
System control number (DNLM)101392644
040 ## - CATALOGING SOURCE
Original cataloging agency SEKU
042 ## - AUTHENTICATION CODE
Authentication code pcc
050 00 - LIBRARY OF CONGRESS CALL NUMBER
Classification number RC 480.5
Item number .P6 2008
100 1# - MAIN ENTRY--PERSONAL NAME
Personal name Poole, Rob,
Dates associated with a name 1956-
245 10 - TITLE STATEMENT
Title Clinical skills in psychiatric treatment
Statement of responsibility, etc. Rob Poole and Robert Higgo.
260 ## - PUBLICATION, DISTRIBUTION, ETC. (IMPRINT)
Place of publication, distribution, etc. Cambridge ;
-- New York :
Name of publisher, distributor, etc. Cambridge University Press,
Date of publication, distribution, etc. 2008.
300 ## - PHYSICAL DESCRIPTION
Extent viii, 228 p. :
Other physical details ill. ;
Dimensions 24 ;
-- cm.
440 #0 - SERIES STATEMENT/ADDED ENTRY--TITLE
Title Cambridge clinical guides
504 ## - BIBLIOGRAPHY, ETC. NOTE
Bibliography, etc Includes bibliographical references (p. [217]-220) and index.
505 0# - FORMATTED CONTENTS NOTE
Formatted contents note Starting points -- A triangle of forces -- Treatment objectives -- Strategic treatment -- Teams -- Team work -- Inpatient treatment in the era of community psychiatry -- Compulsion and locked doors -- Not at home, not in hospital -- Models of care -- Engagement -- Compliance and concordance -- Treatment resistance -- Complicated problems -- Managing risk -- Staying well -- Coping with dilemmas -- Coping with change.
650 #0 - SUBJECT ADDED ENTRY--TOPICAL TERM
Topical term or geographic name as entry element Mental illness
General subdivision Treatment
-- Standards.
650 #0 - SUBJECT ADDED ENTRY--TOPICAL TERM
Topical term or geographic name as entry element Psychiatry
General subdivision Standards.
650 #0 - SUBJECT ADDED ENTRY--TOPICAL TERM
Topical term or geographic name as entry element Clinical competence.
650 12 - SUBJECT ADDED ENTRY--TOPICAL TERM
Topical term or geographic name as entry element Clinical Competence.
650 12 - SUBJECT ADDED ENTRY--TOPICAL TERM
Topical term or geographic name as entry element Mental Disorders
General subdivision therapy.
700 1# - ADDED ENTRY--PERSONAL NAME
Personal name Higgo, Robert,
Dates associated with a name 1952-
856 42 - ELECTRONIC LOCATION AND ACCESS
Materials specified Contributor biographical information
Uniform Resource Identifier <a href="http://www.loc.gov/catdir/enhancements/fy0806/2007051269-b.html">http://www.loc.gov/catdir/enhancements/fy0806/2007051269-b.html</a>
856 42 - ELECTRONIC LOCATION AND ACCESS
Materials specified Publisher description
Uniform Resource Identifier <a href="http://www.loc.gov/catdir/enhancements/fy0806/2007051269-d.html">http://www.loc.gov/catdir/enhancements/fy0806/2007051269-d.html</a>
856 41 - ELECTRONIC LOCATION AND ACCESS
Materials specified Table of contents only
Uniform Resource Identifier <a href="http://www.loc.gov/catdir/enhancements/fy0806/2007051269-t.html">http://www.loc.gov/catdir/enhancements/fy0806/2007051269-t.html</a>
942 ## - ADDED ENTRY ELEMENTS (KOHA)
Source of classification or shelving scheme Library of Congress Classification
Koha item type General circulation
Holdings
Withdrawn status Lost status Source of classification or shelving scheme Damaged status Not for loan Home library Current library Shelving location Date acquired Source of acquisition Total Checkouts Full call number Barcode Date last seen Price effective from Koha item type Public note
    Library of Congress Classification     Main Campus Library Main Campus Library General Stacks 24/07/2015 Donation-Books for Africa   RC 480.5 .P6 2008 2015/004394 24/07/2015 24/07/2015 General circulation amk
Kitui, Kenya.
+254736116989
library@seku.ac.ke